Entry Nombre personal
001 - NÚMERO DE CONTROL
- campo de control: 234525
003 - IDENTIFICADOR DE NÚMERO DE CONTROL
- campo de control: SpMaBN
005 - FECHA Y HORA DE LA ÚLTIMA TRANSACCIÓN
- campo de control: 20251204135608.0
008 - ELEMENTOS DE DATO DE LONGITUD-FIJA
- campo de control de longitud fija: 150529n|#azznnaabn |a aaa ##
010 ## - NÚMERO DE CONTROL DE LA BIBLIOTECA DEL CONGRESO
- Número de control de LC: XX5488070
024 7# - IDENTIFICADOR DE OTROS ESTÁNDARES
- Número estándar o código: http://viaf.org/viaf/316433058/
- Fuente: viaf
040 ## - FUENTE DE CATALOGACIÓN
- Centro catalogador/agencia de origen: SpMaBN
- Lengua de catalogación: spa
- Centro/agencia transcriptor: SpMaBN
- Normas de descripción: rdc
- Convención/Normas de encabezamiento de materia/tesauro: embne
046 ## - FECHAS CON CODIFICACIÓN ESPECIAL
- Fecha de nacimiento: 1980
100 1# - ENCABEZAMIENTO-NOMBRE DE PERSONA
- Nombre de persona: Fuentes Fernández, Francisco J.,
- Fechas asociadas al nombre: 1980-
375 ## - GÉNERO/SEXO
- Género: Masculino
400 1# - TRAZADO DE VÉASE--NOMBRE DE PERSONA
- Nombre de persona: Fuentes, Francisco J. de,
- Fechas asociadas al nombre: 1980-
670 ## - FUENTE DE DATOS ENCONTRADOS
- Cita de la fuente: Las Cofradías y la Semana Santa Novesana, 2015
- Información encontrada: port. (Francisco J. Fuentes Fernández) solapa (n. 1980, Novés)
670 ## - FUENTE DE DATOS ENCONTRADOS
- Cita de la fuente: Retablos en la comarca de Torrijos, 2013
- Información encontrada: (Francisco J. de Fuentes)
